00694nam a2200217Ia 4500003000400000005001700004008004100021020001800062040000700080041000800087082002300095100002800118245002700146260003900173300001500212365001400227906006900241942001200310999001900322952013500341OSt20230413123428.0210423s2008 xx 000 0 und d a9781412934152 cAL aeng a155.937223b MALB aMALLON (Brenda).987953 aDying death and grief. aNew DelhibSage Publicationsc2008 aix,190bPB b1689cINR aadult ; bereavement. ; death ; Dying ; grief. ; grief: ; working 2ddccBK c157424d157424 001040708CPSYaSACPGbSACPGd2009-10-21eAthulya Booksg1689.00l0o155.937 MALBpPG003900r2022-08-24 00:00:00w2021-04-26yBK